| 000 | 00574nam a22001937a 4500 | ||
|---|---|---|---|
| 003 | OSt | ||
| 005 | 20260513133612.0 | ||
| 008 | 260513b |||||||| |||| 00| 0 eng d | ||
| 020 | _a9781836596042 Hb. Bp. | ||
| 040 |
_aMMSU _cULS |
||
| 050 | _aHT 421 R36 2025 CIRC | ||
| 100 | _aRamirez, Juanita | ||
| 245 |
_aFundamentals of rural sociology / _cJuanita Ramirez. |
||
| 260 |
_aUnited Kingdom : _bETP ED-Tech Press, _c2025. |
||
| 300 |
_a256 pages ; _c26 cm. |
||
| 504 | _aIncludes bibliographical references and index. | ||
| 650 | _aSociology, Rural. | ||
| 942 |
_2lcc _cBK |
||
| 999 |
_c29166 _d29166 |
||